000 00589nam a2200205Ia 4500
005 20250508164058.0
008 008 250505s9999 xx 000 0 eng d
020 _a81-203-2090-5
037 _aReference
040 _aFEDL
_beng
_cFEDL
041 _aeng
_2eng
084 _a507, RAD
_qFEDL
100 _aRadha Mohan
245 0 _aInnovative science teaching for physical science teachers
250 _a2nd
260 _aNew Delhi, India
_bPrentice Hall of India Private Limited
_c2002
300 _axiii,329p.
942 _cREF
_h507, RAD
999 _c1386944
_d1386944